[Event "Colombia Tierra de Atletas-B 2020"]
[Site "Medellin"]
[Date "2020.12.12"]
[Round "2.4"]
[White "Morales, Jhon Alexander"]
[Black "Pazos Gambarrotti, Plinio"]
[Result "1-0"]
[WhiteElo "2400"]
[BlackElo "2109"]
[Annotator "RC"]
[PlyCount "75"]
[EventDate "2020.12.10"]
[EventType "tourn"]
[EventCountry "COL"]
[SourceTitle "playchess.com"]
[Source "ChessBase"]
[SourceQuality "1"]
[TimeControl "40/5400+30:1800+30"]

1. d4 {[%emt 0:00:00]} Nf6 {[%emt 0:00:25]} 2. c4 {[%emt 0:00:11]} c5 {[%emt 0:01:24]} 3. Nf3 {[%emt 0:00:09]} g6 {[%emt 0:00:09]} 4. d5 {[%emt 0:00:48]} b5 {[%emt 0:00:07]} 5. cxb5 {[%emt 0:00:05]} a6 {[%emt 0:00:05]} 6. b6 {[%emt 0:00:08]} d6 {[%emt 0:00:05]} 7. Nc3 {[%emt 0:00:09]} Nbd7 {[%emt 0:00:15]} 8. e4 {[%emt 0:06:58]} Rb8 {[%emt 0:00:38]} 9. Be2 {[%emt 0:00:55]} Bg7 {[%emt 0:00:06]} 10. O-O {[%emt 0:00:21]} O-O {[%emt 0:00:24]} 11. a4 {[%emt 0:05:31]} Nxb6 {[%emt 0:00:52]} 12. Re1 {[%emt 0:26:01]} Nfd7 {[%emt 0:08:49]} 13. Nd2 {[%emt 0:04:39]} f5 {[%emt 0:05:42]} 14. exf5 {[%emt 0:09:34]} gxf5 {[%emt 0:00:45]} 15. Nf3 {[%emt 0:00:35]} Nf6 {[%emt 0:04:43]} 16. Ng5 {[%emt 0:09:11]} Na8 {[%emt 0:07:46]} 17. Bf3 {[%emt 0:12:20]} Nc7 {[%emt 0:01:31]} 18. Qc2 {[%emt 0:02:14]} Nd7 {[%emt 0:04:23]} 19. Nh3 {[%emt 0:05:22]} Ne5 {[%emt 0:00:46]} 20. Be2 {[%emt 0:00:06]} Ng6 {[%emt 0:01:14]} 21. Bh5 {[%emt 0:05:17]} Bd7 {[%emt 0:04:37]} 22. Bg5 {[%emt 0:00:41]} Be5 {[%emt 0:01:40]} 23. Bxg6 {[%emt 0:00:38]} hxg6 {[%emt 0:00:06]} 24. Rxe5 {[%emt 0:00:24]} dxe5 {[%emt 0:00:46]} 25. d6 {[%emt 0:00:07]} Rf7 {[%emt 0:00:14]} 26. dxc7 {[%emt 0:00:41]} Qxc7 {[%emt 0:00:14]} 27. Nd5 {[%emt 0:00:35]} Qb7 {[%emt 0:01:36]} 28. Nxe7+ {[%emt 0:02:35]} Kg7 {[%emt 0:00:06]} 29. Qxc5 {[%emt 0:03:12]} Qxb2 {[%emt 0:00:37]} 30. Rf1 {[%emt 0:03:14]} Bxa4 {[%emt 0:00:25]} 31. Qd6 {[%emt 0:01:07]} Rb6 {[%emt 0:00:36]} 32. Qd5 {[%emt 0:01:16]} Rb5 {[%emt 0:01:23]} 33. Qa8 {[%emt 0:00:13]} Rb8 {[%emt 0:00:14]} 34. Qxa6 {[%emt 0:00:13]} Kf8 {[%emt 0:02:58]} 35. Nxg6+ {[%emt 0:00:26]} Kg7 {[%emt 0:00:07]} 36. Ne7 {[%emt 0:00:38]} Kf8 {[%emt 0:00:07]} 37. Qxa4 {[%emt 0:00:25]} Qb5 {[%emt 0:00:30]} 38. Qh4 {[%emt 0:00:20]} 1-0

[Event "Colombia Tierra de Atletas-B 2020"]
[Site "Medellin"]
[Date "2020.12.12"]
[Round "3.4"]
[White "Escobar Medina, Andres F"]
[Black "Morales, Jhon Alexander"]
[Result "1-0"]
[WhiteElo "2249"]
[BlackElo "2400"]
[Annotator "RC"]
[PlyCount "75"]
[EventDate "2020.12.10"]
[EventType "tourn"]
[EventCountry "COL"]
[SourceTitle "playchess.com"]
[Source "ChessBase"]
[SourceQuality "1"]
[TimeControl "40/5400+30:1800+30"]

1. e4 {[%emt 0:02:31]} c5 {[%emt 0:00:45]} 2. Nf3 {[%emt 0:00:23]} e6 {[%emt 0:00:36]} 3. g3 {[%emt 0:01:30]} b6 {[%emt 0:03:04]} 4. Bg2 {[%emt 0:01:08]} Bb7 {[%emt 0:00:30]} 5. Qe2 {[%emt 0:00:07]} d6 {[%emt 0:00:35]} 6. d4 {[%emt 0:04:18]} cxd4 {[%emt 0:18:05]} 7. Nxd4 {[%emt 0:00:05]} Nc6 {[%emt 0:00:27]} 8. Nxc6 {[%emt 0:00:47]} Bxc6 {[%emt 0:00:05]} 9. O-O {[%emt 0:00:08]} Be7 {[%emt 0:01:30]} 10. Nc3 {[%emt 0:05:29]} Qc8 {[%emt 0:16:40]} 11. Rd1 {[%emt 0:02:11]} a6 {[%emt 0:22:35]} 12. Be3 {[%emt 0:07:38]} Qc7 {[%emt 0:02:44]} 13. Rd2 {[%emt 0:04:08]} b5 {[%emt 0:08:09]} 14. a3 {[%emt 0:04:13]} Nf6 {[%emt 0:01:11]} 15. Bf4 {[%emt 0:03:27]} O-O {[%emt 0:01:46]} 16. e5 {[%emt 0:01:43]} dxe5 {[%emt 0:00:11]} 17. Bxe5 {[%emt 0:00:04]} Qb7 {[%emt 0:00:16]} 18. Bxc6 {[%emt 0:00:23]} Qxc6 {[%emt 0:00:06]} 19. Rad1 {[%emt 0:00:08]} Rfc8 {[%emt 0:01:54]} 20. Bxf6 {[%emt 0:06:02]} Bxf6 {[%emt 0:01:45]} 21. Rd6 {[%emt 0:00:07]} Qc4 {[%emt 0:02:49]} 22. Qf3 {[%emt 0:00:08]} h6 {[%emt 0:03:30]} 23. Rd7 {[%emt 0:00:29]} Rf8 {[%emt 0:05:03]} 24. R1d3 {[%emt 0:02:55]} Rac8 {[%emt 0:03:25]} 25. Ne4 {[%emt 0:00:10]} Be5 {[%emt 0:00:33]} 26. c3 {[%emt 0:02:01]} Qc6 {[%emt 0:00:55]} 27. Nd2 {[%emt 0:02:13]} Bf6 {[%emt 0:03:14]} 28. Ne4 {[%emt 0:02:54]} Be5 {[%emt 0:00:06]} 29. Nd2 {[%emt 0:01:25]} Bf6 {[%emt 0:00:56]} 30. Qxc6 {[%emt 0:02:11]} Rxc6 {[%emt 0:00:04]} 31. Ra7 {[%emt 0:02:07]} Bd8 {[%emt 0:00:29]} 32. Kg2 {[%emt 0:00:26]} Bc7 {[%emt 0:00:51]} 33. Nf3 {[%emt 0:08:16]} e5 {[%emt 0:00:15]} 34. Rd7 {[%emt 0:00:31]} Rc8 {[%emt 0:00:07]} 35. Rxf7 {[%emt 0:09:34]} e4 {[%emt 0:01:23]} 36. Nd4 {[%emt 0:00:04]} Rc4 {[%emt 0:00:08]} 37. Re7 {[%emt 0:00:59]} Kh8 {[%emt 0:00:26]} 38. Rxa6 {[%emt 0:00:29]} 1-0

[Event "Colombia Tierra de Atletas-B 2020"]
[Site "Medellin"]
[Date "2020.12.12"]
[Round "3.5"]
[White "Palencia Morales, Wilson Guillermo"]
[Black "Malka, Samuel"]
[Result "0-1"]
[WhiteElo "2340"]
[BlackElo "2203"]
[Annotator "RC"]
[PlyCount "96"]
[EventDate "2020.12.10"]
[EventType "tourn"]
[EventCountry "COL"]
[SourceTitle "playchess.com"]
[Source "ChessBase"]
[SourceQuality "1"]
[TimeControl "40/5400+30:1800+30"]

1. e4 {[%emt 0:02:41]} c5 {[%emt 0:00:00]} 2. Nf3 {[%emt 0:00:09]} d6 {[%emt 0:00:00]} 3. d4 {[%emt 0:00:06]} cxd4 4. Nxd4 {[%emt 0:00:06]} Nf6 {[%emt 0:00:00]} 5. Nc3 {[%emt 0:00:07]} g6 {[%emt 0:00:00]} 6. Be3 {[%emt 0:00:08]} Bg7 {[%emt 0:00:00]} 7. f3 {[%emt 0:00:16]} O-O {[%emt 0:00:00]} 8. Qd2 {[%emt 0:00:03]} Nc6 {[%emt 0:00:00]} 9. g4 {[%emt 0:00:08]} Be6 {[%emt 0:00:02]} 10. O-O-O {[%emt 0:06:35]} Nxd4 {[%emt 0:00:17]} 11. Bxd4 {[%emt 0:00:11]} Qa5 {[%emt 0:00:01]} 12. Kb1 {[%emt 0:02:52]} Rfc8 {[%emt 0:04:47]} 13. Nd5 {[%emt 0:06:30]} Qxd2 {[%emt 0:00:23]} 14. Nxf6+ {[%emt 0:00:07]} Bxf6 {[%emt 0:00:37]} 15. Rxd2 {[%emt 0:00:05]} Bxd4 {[%emt 0:04:17]} 16. Rxd4 {[%emt 0:00:26]} Rc5 {[%emt 0:03:13]} 17. Rb4 {[%emt 0:07:49]} b6 {[%emt 0:03:24]} 18. Be2 {[%emt 0:01:27]} Rac8 {[%emt 0:02:43]} 19. c3 {[%emt 0:05:35]} Kg7 {[%emt 0:03:36]} 20. h4 {[%emt 0:02:06]} f6 {[%emt 0:04:12]} 21. f4 {[%emt 0:02:57]} Bc4 {[%emt 0:06:03]} 22. Bxc4 {[%emt 0:03:54]} Rxc4 {[%emt 0:00:13]} 23. Rxc4 {[%emt 0:00:06]} Rxc4 {[%emt 0:00:08]} 24. Re1 {[%emt 0:00:01]} Kf7 {[%emt 0:05:12]} 25. Kc2 {[%emt 0:07:12]} f5 {[%emt 0:02:44]} 26. Kd3 {[%emt 0:21:30]} Ra4 {[%emt 0:00:15]} 27. a3 {[%emt 0:10:09]} fxg4 {[%emt 0:04:52]} 28. c4 {[%emt 0:00:16]} Ra5 {[%emt 0:03:25]} 29. Rg1 {[%emt 0:00:10]} h5 {[%emt 0:00:17]} 30. Ra1 {[%emt 0:00:32]} Rc5 {[%emt 0:00:51]} 31. b4 {[%emt 0:00:17]} Rc8 {[%emt 0:00:34]} 32. a4 {[%emt 0:04:37]} a5 {[%emt 0:04:06]} 33. bxa5 {[%emt 0:00:36]} bxa5 {[%emt 0:00:11]} 34. Rb1 {[%emt 0:00:05]} Kf6 {[%emt 0:06:18]} 35. Rb5 {[%emt 0:07:00]} Rc5 {[%emt 0:02:12]} 36. Rb6 {[%emt 0:02:00]} g3 {[%emt 0:16:49]} 37. Rb1 {[%emt 0:00:33]} e5 {[%emt 0:01:00]} 38. Rf1 {[%emt 0:00:20]} Rc8 {[%emt 0:10:13]} 39. fxe5+ {[%emt 0:01:31]} Kxe5 {[%emt 0:00:03]} 40. Rf3 {[%emt 0:00:00]} Rb8 {[%emt 0:00:00]} 41. Kc3 {[%emt 0:00:25]} g5 {[%emt 0:04:19]} 42. Rf5+ {[%emt 0:15:25]} Kxe4 {[%emt 0:00:19]} 43. Rxg5 {[%emt 0:00:01]} Kf3 {[%emt 0:02:31]} 44. Kd4 {[%emt 0:01:03]} g2 {[%emt 0:02:31]} 45. Kd5 {[%emt 0:00:06]} Rb1 {[%emt 0:00:48]} 46. Kxd6 {[%emt 0:00:40]} g1=Q {[%emt 0:00:22]} 47. Rxg1 {[%emt 0:00:07]} Rxg1 {[%emt 0:00:04]} 48. c5 {[%emt 0:00:10]} Rg4 {[%emt 0:40:08]} 0-1

[Event "Colombia Tierra de Atletas-B 2020"]
[Site "Medellin"]
[Date "2020.12.13"]
[Round "4.1"]
[White "Heredia Serrano, Carla"]
[Black "Malka, Samuel"]
[Result "1-0"]
[WhiteElo "2114"]
[BlackElo "2203"]
[Annotator "TA"]
[PlyCount "214"]
[EventDate "2020.12.10"]
[EventType "tourn"]
[EventCountry "COL"]
[SourceTitle "playchess.com"]
[Source "ChessBase"]
[SourceQuality "1"]

{[%evp 10,214,-27,-34,-16,-14,-16,-34,-25,-25,-18,-15,7,0,0,-16,-17,-29,-8,-18,-12,-24,7,0,22,-1,61,78,85,87,86,86,71,77,73,35,25,9,3,0,3,2,97,91,87,82,208,143,220,225,398,88,88,14,15,12,12,12,11,8,11,0,11,0,8,8,11,11,9,0,8,8,12,0,3,5,4,4,8,2,3,1,1,0,3,2,5,0,0,-27,0,-41,-36,-51,-22,-97,-20,-46,-34,-44,-14,-24,-14,-14,-14,-15,-15,-116,-116,-191,-184,-185,260,260,260,253,418,418,418,418,418,418,418,410,418,418,418,418,418,418,418,410,418,418,411,0,418,410,410,0,418,411,418,410,410,410,410,410,410,410,418,410,410,410,410,410,410,410,410,410,410,0,410,410,410,410,418,0,410,410,410,410,410,410,410,410,410,410,410,410,410,410,410,410,410,410,410,406,406,410,410,403,346,361,410,406,410,396,29965,29968,29967,29968,29967,29968,29963,29960,29951]} 1. e4 c5 2. Nf3 a6 3. d4 cxd4 4. c3 dxc3 5. Nxc3 e6 6. Bc4 Bc5 {B21: Sicilian: 2 f4 and Morra Gambit.} 7. O-O Ne7 8. Bg5 f6 {Black is slightly better.} 9. Bf4 {[#]} b5 $146 ({Predecessor:} 9... Ng6 10. Bd6 Bxd6 11. Qxd6 Nc6 12. Rad1 Qe7 13. Qg3 Nce5 14. Bb3 Qc5 15. Nd4 O-O {0-1 (45) Negele,M-Koch,T (2335) Leverkusen 1991}) 10. Bb3 Qb6 11. a4 Bb7 12. Qe2 {[%cal Ra4b5]} O-O 13. axb5 axb5 14. Rxa8 (14. Nxb5 Bxe4 $1 {[%mdl 512]} 15. Rxa8 Bxa8 $17) 14... Bxa8 15. Rd1 Bc6 16. Nd5 $1 {[%cal Rd5b6]} Qb7 17. Be3 Bd6 (17... Bxd5 $11 18. exd5 Bxe3 19. Qxe3 Nxd5 20. Bxd5 exd5) 18. Nxf6+ $1 $14 Rxf6 19. Rxd6 Bxe4 20. Ng5 $1 Bg6 21. Nxe6 $1 Rxe6 22. Bxe6+ dxe6 23. Bc5 (23. Bg5 {seems wilder.} Nec6 24. Qxe6+ Bf7 25. Qf5 h6 26. Bf4) 23... Qc8 24. b4 Bf7 25. Qxb5 Nbc6 (25... Nd5 $11) 26. h3 $1 $16 {[%mdl 1024] White has strong compensation.} Be8 27. Qe2 {Hoping for b5.} Nd5 (27... Kf7 $16 {was worth a try.}) 28. Rxe6 $18 (28. Qxe6+ Qxe6 29. Rxe6 Kf7 $14) 28... Bf7 (28... Nf6 $16 29. Rd6 Bd7) 29. Rd6 $1 Ncxb4 $2 (29... h5 30. Qe1 Nce7) 30. Bxb4 $2 (30. Qg4 $18 {is the precise move to win.} Qxg4 31. Rd8+ (31. hxg4 h6 $11) 31... Be8 32. Rxe8+ (32. hxg4 Kf7 $14) 32... Kf7 33. Rf8+ (33. hxg4 $2 Kxe8 34. g3 Nc6 $19) 33... Kg6 34. hxg4) 30... Nxb4 $16 31. Qd2 (31. Qe4 $16 Nd5 32. Rxd5 Bxd5 33. Qxd5+ Kf8 34. g4) 31... Nc6 $11 32. Qc3 Be8 33. Qc4+ Kh8 34. Qc5 Kg8 35. Qc4+ Kh8 36. Qc5 h6 37. Qc3 {aiming for Rxh6+.} Kh7 38. Qc2+ Kh8 39. Qc3 Kg8 40. Qc4+ Kh7 41. Qc5 Kg8 42. g4 Qb7 43. Qd5+ Kf8 44. Qf5+ Qf7 45. Qc5 {Rf6+ is the strong threat.} Ne7 46. Rd3 Kg8 47. Re3 Nc6 48. Kg2 Qd7 49. Rc3 Bf7 50. Kh2 (50. Kg3 $5 {[%cal Rc5c6]} Nd8 51. f4 $11) 50... Ne7 51. Rc2 Kh7 52. Re2 (52. Rb2 $11 {keeps the balance.}) 52... Nd5 (52... Ng6 $1 $17) 53. Rd2 Qe6 {Threatens to win with ...Qe5+.} 54. Qd4 Nf6 55. f3 Qe1 56. Qd3+ Bg6 57. Qe2 Qc1 58. h4 (58. Qd1 $11 Qc7+ 59. Kg2) 58... Qc7+ 59. Kg2 (59. Kh1 $17) 59... h5 $1 $19 {[%cal Rh5g4] And now ...hxg4 would win.} 60. g5 {[#]} Nd7 $4 {[%mdl 8192]} (60... Ng8 $1 $19 {White must now prevent ...Ne7.} 61. Qe6 Ne7) 61. Qe7 $18 {Cut Off at move 61} Bf5 {[#]} 62. g6+ $1 {[%mdl 512]} Bxg6 $2 (62... Kxg6 {was called for.} 63. Qg5+ Kf7) 63. Qxd7 {[%mdl 4096] Endgame KQR-KQB} ({Weaker is} 63. Rxd7 Qc3 $18) 63... Qf4 64. Qd4 Qf5 65. Re2 Qf8 66. Qe5 Qa3 67. Qe3 Qd6 68. Rd2 Qf6 69. Rd4 Qc6 70. Qd2 Qe8 71. Rd8 Qe7 72. Rd4 Qe8 $1 73. Kg3 Qe5+ 74. Kg2 Qe8 $1 75. Rb4 Qe7 76. Kg3 Qe5+ {[#]} 77. Rf4 $1 Qe7 78. Kh3 Qe6+ 79. Kg2 Qe7 80. Kf2 Qc5+ 81. Qd4 Qc2+ 82. Kg3 Qc1 83. Qf2 Qc3 84. Qe2 Qc1 85. Qf2 Qc3 $1 86. Rd4 Qc7+ 87. Kg2 Qe7 88. Qd2 $2 (88. Qb2 $18) 88... Qf6 $2 {[%mdl 8192]} (88... Qe8 $1 $11 {and Black has nothing to worry.} 89. Rd7 Bf5) 89. Qf4 Qe6 90. Kf2 Qb6 91. Qd6 Qb2+ 92. Rd2 Qa1 93. Rd1 Qb2+ 94. Kg3 Qe2 {intending ...Be4.} 95. Qd5 Qe3 96. Qd4 Qe2 97. Ra1 Qe7 98. Kf2 Qc7 99. Kg2 Qc2+ 100. Kg3 Qc7+ 101. Qf4 Qc3 102. Rc1 Qa5 103. Qd4 Bf5 $2 (103... Kh8 $18 104. Rc5 Qe1+ 105. Kg2 Qe2+ 106. Qf2 Qe6) 104. Qc5 {White mates.} Qxc5 105. Rxc5 Bd3 106. Rxh5+ Kg6 107. Rd5 Bb1 {What a bad dream for Black.  Weighted Error Value: White=0.22/Black=0.34} 1-0

[Event "Colombia Tierra de Atletas-B 2020"]
[Site "Medellin"]
[Date "2020.12.13"]
[Round "4.2"]
[White "Hernandez Sanchez, Jairo Andres"]
[Black "Argote Heredia, Valentina"]
[Result "1-0"]
[WhiteElo "2394"]
[BlackElo "2150"]
[Annotator "TA"]
[PlyCount "51"]
[EventDate "2020.12.10"]
[EventType "tourn"]
[EventCountry "COL"]
[SourceTitle "playchess.com"]
[Source "ChessBase"]
[SourceQuality "1"]

{[%evp 14,51,8,9,54,54,57,48,52,55,71,72,72,76,80,81,81,75,89,72,97,64,104,104,97,104,97,97,104,97,97,54,158,156,156,143,147,145,660,461]} 1. e4 c5 2. Nf3 d6 3. Bb5+ Nd7 4. d4 cxd4 5. Qxd4 a6 6. Bxd7+ Bxd7 7. O-O Nf6 8. Bg5 e5 {B51: Sicilian: Moscow Variation (3 Bb5+) without 3...Bd7.} 9. Qd3 Bc6 10. Nc3 Be7 {White is slightly better.} 11. Rfd1 Qb6 12. Bxf6 Bxf6 {[#]} 13. a4 $146 ({Predecessor:} 13. Nd2 O-O 14. Nc4 Qc5 15. Ne3 Rad8 16. Ncd5 Bg5 17. b4 Qa7 18. a4 Bxe3 19. Nxe3 {1-0 (48) Lange,J (2126)-Junker,M (2093) Willingen 2020}) 13... Be7 14. Nd2 O-O 15. Nc4 Qc5 16. Ne3 Rfc8 17. b4 Qa7 18. Ncd5 Bxd5 19. Nxd5 ({Don't play} 19. exd5 $6 a5 $11) 19... Bd8 20. a5 Rc6 21. c3 Qb8 22. f4 b6 (22... exf4 $14 23. Rf1 Bg5) 23. axb6 Bxb6+ 24. Kh1 Bd8 25. f5 f6 $2 {[%mdl 8192] [#]} (25... Qb7 $16 26. Ra2 Rac8) 26. Ne7+ {[%mdl 64] Clearance.  Weighted Error Value: White=0.07/Black=0.51} 1-0

[Event "Colombia Tierra de Atletas-B 2020"]
[Site "Medellin"]
[Date "2020.12.13"]
[Round "4.3"]
[White "Soto, Miguel Angel"]
[Black "Escobar Medina, Andres F"]
[Result "1/2-1/2"]
[WhiteElo "2273"]
[BlackElo "2249"]
[Annotator "TA"]
[PlyCount "38"]
[EventDate "2020.12.10"]
[EventType "tourn"]
[EventCountry "COL"]
[SourceTitle "playchess.com"]
[Source "ChessBase"]
[SourceQuality "1"]

{[%evp 13,38,0,0,0,0,0,9,0,6,8,0,20,12,-35,-24,-21,-4,-9,-8,-6,0,-39,-27,-70,-73,-76,-22]} 1. d4 Nf6 2. c4 e6 3. Nc3 Bb4 4. Qc2 O-O 5. e4 d5 6. e5 Ne4 7. Bd3 c5 8. Nf3 $1 {8.Nf3 is better than 8.Nge2. E32: Nimzo-Indian: Classical (4 Qc2): 4...0-0.} cxd4 9. Nxd4 Nd7 10. Bf4 {The position is equal.} Ndc5 11. O-O {[%cal Rd3e4]} Bxc3 12. bxc3 Bd7 13. Bxe4 dxe4 14. Qe2 Qa5 {[#]} 15. Nb3 $146 ({Predecessor:} 15. Bd2 Rac8 16. f3 exf3 17. Rxf3 Bc6 18. Rf4 Nd7 19. Re1 Qxa2 20. Rg4 g6 21. Qf2 Qxc4 {0-1 (32) Collado Barbas,L (2056)-Jimenez Fernandez,R (1882) Linares 2020}) 15... Nxb3 16. axb3 Qxc3 17. Qxe4 Qxb3 18. Be3 Bc6 19. Qg4 {[#] And now Bh6! would win.} Qd3 {Weighted Error Value: White=0.14/Black=0.02} (19... Qc3 $17) 1/2-1/2

[Event "Colombia Tierra de Atletas-B 2020"]
[Site "Medellin"]
[Date "2020.12.13"]
[Round "4.4"]
[White "Brizuela Abreu, Ronald Jesus"]
[Black "Pazos Gambarrotti, Plinio"]
[Result "1/2-1/2"]
[WhiteElo "2361"]
[BlackElo "2109"]
[Annotator "ChessBase"]
[PlyCount "118"]
[EventDate "2020.12.10"]
[EventType "tourn"]
[EventCountry "COL"]
[SourceTitle "playchess.com"]
[Source "ChessBase"]
[SourceQuality "1"]
[TimeControl "40/5400+30:1800+30"]

1. d4 {[%emt 0:00:00]} Nf6 {[%emt 0:00:00]} 2. c4 {[%emt 0:00:00]} e6 {[%emt 0:00:07]} 3. Nc3 {[%emt 0:00:00]} d5 {[%emt 0:00:11]} 4. Nf3 {[%emt 0:00:02]} Bb4 {[%emt 0:00:17]} 5. Qa4+ {[%emt 0:00:37]} Nc6 {[%emt 0:00:07]} 6. Bg5 {[%emt 0:00:42]} Bd7 {[%emt 0:06:01]} 7. Qb3 {[%emt 0:03:53]} dxc4 {[%emt 0:02:42]} 8. Qxc4 {[%emt 0:00:55]} h6 {[%emt 0:04:22]} 9. Bh4 {[%emt 0:01:33]} g5 {[%emt 0:08:17]} 10. Bg3 {[%emt 0:00:02]} Ne4 {[%emt 0:01:47]} 11. e3 {[%emt 0:00:36]} h5 {[%emt 0:18:22]} 12. Bd3 {[%emt 0:04:17]} Nd6 {[%emt 0:03:12]} 13. Qb3 {[%emt 0:00:19]} Qe7 {[%emt 0:04:39]} 14. h4 {[%emt 0:01:24]} g4 {[%emt 0:01:36]} 15. Ne5 {[%emt 0:01:27]} Nf5 {[%emt 0:02:21]} 16. Bxf5 {[%emt 0:04:40]} exf5 {[%emt 0:00:15]} 17. Nxd7 {[%emt 0:00:03]} Kxd7 {[%emt 0:07:22]} 18. Qd5+ {[%emt 0:03:02]} Kc8 {[%emt 0:00:05]} 19. Qxf5+ {[%emt 0:00:08]} Kb8 {[%emt 0:00:02]} 20. O-O {[%emt 0:00:13]} Bd6 {[%emt 0:00:52]} 21. Nd5 {[%emt 0:01:15]} Qd8 {[%emt 0:02:01]} 22. Bxd6 {[%emt 0:01:10]} Qxd6 {[%emt 0:00:11]} 23. g3 {[%emt 0:00:52]} Ne7 {[%emt 0:00:48]} 24. Nxe7 {[%emt 0:00:13]} Qxe7 {[%emt 0:00:04]} 25. Rfc1 {[%emt 0:00:03]} Qe6 {[%emt 0:00:39]} 26. Rc5 {[%emt 0:00:45]} b6 {[%emt 0:00:33]} 27. Qxe6 {[%emt 0:00:27]} fxe6 {[%emt 0:00:05]} 28. Re5 {[%emt 0:00:09]} Rh6 {[%emt 0:00:11]} 29. Rc1 {[%emt 0:00:03]} Kb7 {[%emt 0:00:20]} 30. b4 {[%emt 0:00:27]} Rd8 {[%emt 0:00:30]} 31. Kf1 {[%emt 0:00:36]} Rd5 {[%emt 0:00:21]} 32. Re4 {[%emt 0:00:39]} a5 {[%emt 0:00:24]} 33. a3 {[%emt 0:01:19]} Kc8 {[%emt 0:01:39]} 34. Rf4 {[%emt 0:00:17]} Rh7 {[%emt 0:00:54]} 35. Ke2 {[%emt 0:00:27]} Kd7 {[%emt 0:00:19]} 36. Kd3 {[%emt 0:00:13]} axb4 {[%emt 0:00:20]} 37. axb4 {[%emt 0:00:02]} e5 {[%emt 0:00:15]} 38. Rf5 {[%emt 0:00:22]} Re7 {[%emt 0:01:40]} 39. Ke4 {[%emt 0:01:33]} Rb5 {[%emt 0:00:29]} 40. Rxe5 {[%emt 0:00:00]} Rexe5+ {[%emt 0:00:00]} 41. dxe5 {[%emt 0:01:31]} Rxb4+ {[%emt 0:00:18]} 42. Kf5 {[%emt 0:00:08]} Rb2 {[%emt 0:00:16]} 43. e6+ {[%emt 0:00:57]} Kd8 {[%emt 0:00:26]} 44. Kg5 {[%emt 0:02:12]} c5 {[%emt 0:00:52]} 45. Kxh5 {[%emt 0:00:08]} Ke7 {[%emt 0:00:29]} 46. Kxg4 {[%emt 0:00:14]} Rxf2 {[%emt 0:00:20]} 47. Rb1 {[%emt 0:00:26]} Kxe6 {[%emt 0:00:12]} 48. Rxb6+ {[%emt 0:00:02]} Kd5 {[%emt 0:00:06]} 49. h5 {[%emt 0:00:21]} c4 {[%emt 0:00:06]} 50. Rb5+ {[%emt 0:00:04]} Ke4 {[%emt 0:00:09]} 51. Rc5 {[%emt 0:00:07]} Kd3 {[%emt 0:00:08]} 52. h6 {[%emt 0:00:15]} c3 {[%emt 0:00:05]} 53. Kg5 {[%emt 0:00:52]} c2 {[%emt 0:00:26]} 54. h7 {[%emt 0:00:37]} Rh2 {[%emt 0:00:24]} 55. g4 {[%emt 0:00:09]} Rxh7 {[%emt 0:00:14]} 56. e4 {[%emt 0:00:50]} Re7 {[%emt 0:01:30]} 57. Kf5 {[%emt 0:00:49]} Rxe4 {[%emt 0:00:37]} 58. Rxc2 {[%emt 0:00:18]} Rxg4 {[%emt 0:00:06]} 59. Kxg4 {[%emt 0:00:05]} Kxc2 {[%emt 0:00:03]} 1/2-1/2

[Event "Colombia Tierra de Atletas-B 2020"]
[Site "Medellin"]
[Date "2020.12.13"]
[Round "4.5"]
[White "Morales, Jhon Alexander"]
[Black "Mateus, Alejandro"]
[Result "0-1"]
[WhiteElo "2400"]
[BlackElo "2353"]
[Annotator "TA"]
[PlyCount "53"]
[EventDate "2020.12.10"]
[EventType "tourn"]
[EventCountry "COL"]
[SourceTitle "playchess.com"]
[Source "ChessBase"]
[SourceQuality "1"]

{[%evp 12,53,20,7,34,30,28,-1,12,10,37,35,58,69,56,0,42,-64,0,-43,43,41,71,51,60,-22,-16,-15,0,0,-19,-66,-34,-123,-83,-45,-57,-62,-44,-238,-188,-208,-41,-1266]} 1. e4 d6 2. d4 Nf6 3. Nc3 c6 4. f3 Nbd7 5. Be3 e5 6. Nge2 Be7 7. Qd2 h5 {B07: Pirc Defence: Miscellaneous Systems.} 8. O-O-O b5 {[#]} 9. Kb1 $146 ({Predecessor:} 9. dxe5 dxe5 10. Ng1 Qa5 11. a3 Nc5 12. Kb1 Qc7 13. Qf2 Ne6 14. h4 O-O 15. Nh3 {0-1 (38) Schinkowski,C (1867)-Gasthofer,A (2212) Greifswald 2001}) 9... O-O {The position is equal.} 10. Ng3 exd4 11. Bxd4 b4 12. Nce2 c5 13. Bf2 (13. Bxf6 $14 Nxf6 14. Nf4) 13... Nb6 14. Nc1 (14. Nf4 $14) 14... h4 (14... a5 $15) 15. Nge2 Nc4 ({Better is} 15... a5 $15) 16. Qe1 $14 Nd7 17. Nf4 Ncb6 18. Nd5 (18. g3 $1 $14) 18... Nxd5 $11 19. Rxd5 Nb6 $36 {[%mdl 2048] Black has some pressure.} 20. Rh5 {[%cal Rf2h4]} g6 21. Rxh4 Bf6 $1 22. f4 (22. Nd3 $1 $15) 22... Na4 ({Of course not} 22... Bxh4 $6 23. Bxh4 f6 24. Qg3 $11) 23. e5 dxe5 {[#] aiming for ...e4.} 24. Bb5 $1 Nxb2 $1 {Hoping for ...e4.} (24... Bxh4 $2 25. Bxh4 Qa5 26. Bc6 $18) 25. Kxb2 $2 (25. fxe5 $15 Bxh4 26. Bxh4) 25... e4+ 26. Kb1 Qa5 $2 (26... e3 $19 {Threatens to win with ...Qd4.} 27. Bxe3 Bxh4) 27. Qd1 $2 {[%mdl 8192] Weighted Error Value: White=0.42/Black=0.30} ({Don't blunder} 27. Qxe4 $2 b3 $19) ({Wrong is} 27. Bxc5 $2 Qxb5 28. Bxf8 Kxf8 $19) (27. a4 $15 c4 28. g4 (28. Qxe4 $2 Bf5 $19)) 0-1

[Event "Colombia Tierra de Atletas-B 2020"]
[Site "Medellin"]
[Date "2020.12.13"]
[Round "5.1"]
[White "Pazos Gambarrotti, Plinio"]
[Black "Hernandez Sanchez, Jairo Andres"]
[Result "1/2-1/2"]
[WhiteElo "2109"]
[BlackElo "2394"]
[Annotator "ChessBase"]
[PlyCount "31"]
[EventDate "2020.12.10"]
[EventType "tourn"]
[EventCountry "COL"]
[SourceTitle "playchess.com"]
[Source "ChessBase"]
[SourceQuality "1"]
[TimeControl "40/5400+30:1800+30"]

1. d4 {[%emt 0:03:24]} Nf6 {[%emt 0:00:00]} 2. c4 {[%emt 0:00:05]} g6 {[%emt 0:00:10]} 3. Nc3 {[%emt 0:00:06]} Bg7 {[%emt 0:00:24]} 4. e4 {[%emt 0:00:06]} d6 {[%emt 0:00:05]} 5. Nge2 {[%emt 0:00:11]} O-O {[%emt 0:00:17]} 6. Ng3 {[%emt 0:00:05]} e5 {[%emt 0:03:36]} 7. d5 {[%emt 0:04:40]} a5 {[%emt 0:00:16]} 8. Be2 {[%emt 0:00:06]} Na6 {[%emt 0:00:06]} 9. h4 {[%emt 0:00:06]} h5 {[%emt 0:00:25]} 10. Bg5 {[%emt 0:00:09]} Qe8 {[%emt 0:00:29]} 11. Qd2 {[%emt 0:00:17]} Nc5 {[%emt 0:00:28]} 12. Bh6 {[%emt 0:00:15]} Ng4 {[%emt 0:12:37]} 13. Bxg7 {[%emt 0:01:40]} Kxg7 {[%emt 0:00:12]} 14. Bxg4 {[%emt 0:00:24]} Bxg4 {[%emt 0:02:34]} 15. f3 {[%emt 0:00:23]} Bd7 {[%emt 0:00:36]} 16. Nxh5+ {[%emt 0:00:10]} 1/2-1/2